[Event "Palmi op 5th"]
[Site "Palmi"]
[Date "2012.01.03"]
[Round "4"]
[White "Lazic, Miroljub"]
[Black "Giuliano, Vincenzo"]
[Result "1-0"]
[WhiteElo "2470"]
[BlackElo "1891"]
[PlyCount "61"]
[EventDate "2012.01.02"]
[EventType "swiss"]
[EventRounds "9"]
[EventCountry "ITA"]
[SourceTitle "CBM 146 Extra"]
[Source "ChessBase"]
[SourceDate "2012.02.29"]
[SourceVersion "1"]
[SourceVersionDate "2012.02.29"]
[SourceQuality "1"]

1. g3 e5 2. c4 Nf6 3. Bg2 g6 4. Nc3 Bg7 5. Nf3 d6 6. d4 Nbd7 7. 0-0 0-0 8. Qc2 c6 9. Rd1 Qc7 10. e4 Re8 11. h3 a6 12. a4 Rb8 13. a5 b6 14. axb6 Qxb6 15. c5 dxc5 16. dxe5 Nh5 17. g4 Nxe5 18. Nxe5 Bxe5 19. gxh5 Be6 20. Qe2 Bb3 21. Re1 Qb4 22. Qxa6 Bxc3 23. bxc3 Qxc3 24. Be3 Qe5 25. h6 Qd6 26. Qa5 Qe5 27. Qxc5 Qxc5 28. Bxc5 Bc4 29. Ra7 Ra8 30. Rea1 Rxa7 31. Rxa7 1-0

[Event "Palmi op 5th"]
[Site "Palmi"]
[Date "2012.01.02"]
[Round "1"]
[White "Giuliano, Vincenzo"]
[Black "Stromboli, Ettore"]
[Result "0-1"]
[WhiteElo "1891"]
[BlackElo "2302"]
[PlyCount "74"]
[EventDate "2012.01.02"]
[EventType "swiss"]
[EventRounds "9"]
[EventCountry "ITA"]
[SourceTitle "CBM 146 Extra"]
[Source "ChessBase"]
[SourceDate "2012.02.29"]
[SourceVersion "1"]
[SourceVersionDate "2012.02.29"]
[SourceQuality "1"]

1. d4 Nf6 2. c4 e6 3. Nc3 Bb4 4. a3 Bxc3+ 5. bxc3 Ne4 6. Qc2 f5 7. Nf3 b6 8. g3 0-0 9. Bg2 Nc6 10. d5 Na5 11. dxe6 dxe6 12. Nd4 Qf6 13. 0-0 Bb7 14. f3 Nc5 15. Qa2 Ba6 16. Nb5 c6 17. a4 cxb5 18. cxb5 Bb7 19. Bb2 Qe5 20. Rfe1 Bd5 21. Qb1 Qe3+ 22. Kh1 Nc4 23. Qc2 Nxb2 24. Qxb2 Rac8 25. Red1 Nb3 26. Rd3 Qc5 27. Rad1 Na5 28. Qc1 Nc4 29. e4 fxe4 30. fxe4 Ba8 31. Re1 Rcd8 32. Rxd8 Rxd8 33. Bh3 Qe5 34. Qc2 Rd2 35. Qb1 Nd6 36. Bg2 Rxg2 37. Kxg2 Bxe4+ 0-1

[Event "Ragusa Province-ch"]
[Site "Modica"]
[Date "2010.01.30"]
[Round "3"]
[White "Battaglia, Giuseppe"]
[Black "Giuliano, Vincenzo"]
[Result "1-0"]
[WhiteElo "1566"]
[BlackElo "1704"]
[PlyCount "107"]
[EventDate "2010.01.30"]
[EventType "swiss"]
[EventRounds "8"]
[EventCountry "ITA"]
[SourceTitle "EXT 2024"]
[Source "ChessBase"]
[SourceDate "2023.10.10"]
[SourceVersion "1"]
[SourceVersionDate "2023.10.10"]
[SourceQuality "1"]

1. d4 d5 2. Nf3 Nc6 3. e3 Nf6 4. Nbd2 Bg4 5. Be2 e6 6. Ne5 Bxe2 7. Qxe2 Nxe5 8. dxe5 Nd7 9. f4 Bc5 10. Nf3 0-0 11. Bd2 Nb6 12. Qb5 Qe7 13. b4 c6 14. Qxc5 Qe8 15. Qc3 Nc4 16. 0-0 a5 17. Qd3 a4 18. Bc3 Qd8 19. Bd4 b6 20. Nd2 Nxd2 21. Qxd2 Qc7 22. a3 c5 23. bxc5 bxc5 24. Bc3 Qa7 25. Kh1 Qe7 26. Qd3 g6 27. Rab1 c4 28. Qd2 Qh4 29. Bb4 Rfc8 30. c3 Kh8 31. Qf2 Qg4 32. Be7 Qf5 33. Bf6+ Kg8 34. Qh4 h5 35. Qg5 Qxg5 36. fxg5 Kf8 37. Rb7 Re8 38. Rfb1 Kg8 39. g3 Rec8 40. Be7 Rc6 41. Bd6 Rca6 42. Rf1 R6a7 43. Rxa7 Rxa7 44. Rb1 Kg7 45. Kg2 Ra8 46. Kf3 Re8 47. Rb4 Ra8 48. Ke2 Ra7 49. e4 Ra5 50. Ke3 Kg8 51. Rb8+ Kh7 52. Be7 d4+ 53. Kxd4 h4 54. Bf6 1-0